000 01341nam a2200217Ia 4500
000 01745naaa 00289uu
001 https://directory.doabooks.org/handle/20.500.12854/25915
005 20260218105520.0
008 211013s9999 xx 000 0 und d
042 _adc
100 1 _aWischermann, Clemens
245 0 _aAnimal History in the Modern City : Exploring Liminality
260 _bBloomsbury Academic
_c2018
520 _aAssembling an impressive cast of contributors, this volume employs liminality as a lens through which to study the social and cultural history of animals in the modern city. It includes a variety of case studies, such as the horse-human relationship in the towns of New Spain, hunting practices in 17th-century France, the birth of the zoo in Germany and the role of the stray dog in the Victorian city, demonstrating the interrelated nature of animal and human histories. This is a vital resource for scholars and students interested in animal studies, urban history and historical geography.
540 _aCreative Commons
653 _aHistory
700 1 _aSteinbrecher, Aline
856 _uhttps://docs.google.com/spreadsheets/d/1yKIrdCPDAG_9c22mwoOIO2DOhtj65Wqa/edit?usp=sharing&ouid=106555315294820607512&rtpof=true&sd=true
_yList of Curated E-Books
942 _cE-BOOK
999 _c89511
_d89508